| 000 | 00000nam##2200000za#4500 |
| 001 | 9.652963 |
| 003 | CaOODSP |
| 005 | 20240403133321 |
| 007 | ta |
| 008 | 150407|1989||||xxc||||| f|0| 0 eng|d |
| 020 | |a0-662-56727-7 |
| 040 | |aCaOODSP|beng |
| 041 | |aeng |
| 041 | |afre |
| 043 | |an-cn--- |
| 086 | 1 |aYX76-H6/1989 |
| 110 | 1 |aCanada.|bStatutes. |
| 245 | 10|aCanadian Human Rights Act : |bR.S., 1985, c. H-6, amended by: R.S., c. 1985, c. 31 (1st Supp.), R.S., c. 1985, c. 32 (2nd Supp.) |
| 260 | |aOttawa - Ontario : |bStatutes |c1989, reprinted 1992. |
| 300 | |a37p. ; |c28 cm. |
| 500 | |aIssued by the Canadian Human Rights Commissions |
| 546 | |aBilingual |
| 563 | |aSoftcover |
| 590 | |a89-22|b1989-06-02 |
| 776 | 0#|tOffice consolidation : |w(CaOODSP)9.936282 |
| 792 | |tLoi canadienne sur les droits de la personne : |efre|w(CaOODSP)9.652964 |